000 00954nmm a2200289 a 4500
001 ocm0002015448
003 TR-IsHL
005 20201028175618.0
008 181030s2011 tu tur
007 cr cn
020 _a9786055988333
035 _a2015448
_b(N$T)
050 0 4 _aPL314.E54
_bA43 2011
090 0 4 _aPL314.E54
_bA43 2011
100 1 _aAdıgüzel, Sedat
245 1 0 _aElçin: edebiyat sosyolojisi açısından romanları
_h[electronic resource] /
_cSedat Adıgüzel
250 _a1. Baskı
260 _aAnkara :
_bBengü Yayınları,
_c2011
300 _a304 p.
650 4 _aDil ve Edebiyat
650 4 _aLanguage and Literature
650 0 _aAzerbaijan literature
650 0 _aAzerbaycan edebiyatı
650 0 _aEfendiyev, Elçin
650 7 _aLITERARY CRITICISM / Russian & Former Soviet Union
_2 bisacsh
856 4 0 _uhttp://search.ebscohost.com/login.aspx?direct=true&scope=site&db=e011xww&AN=2015448
999 _c18750
_d18750